000 00203 a2200097 4500
001 4291
100 _aTimoshenko,D
245 _aStrength of materials part-I
260 _a
_bVan
_c
090 _c3508
_d3508
942 _aNUST-CAE
_cM
_c27869
999 _c239364
_d239364